000 00875nab a2200277 4500
003 BR-BrBNA
005 20250430221310.0
008 250430b bl.||||| |||| 00| 0 por d
040 _aBR-BrBNA
_bpor
072 _aL01 ; Q02 ; Q04 ; L10 ; E70
_b9702 ; 9560
100 _aMorais, Larissa
245 _aGordura sob medida
_bAgrotecnologia
500 _a3 illus.
650 _aGADO DE CORTE
650 _aULTRASSOM
650 _aMELHORAMENTO GENÉTICO ANIMAL
650 _aCARCAÇA
650 _aGANHO DE PESO
650 _aCARNE
650 _aQUALIDADE
650 _aGORDURA ANIMAL
650 _aPRODUTIVIDADE
773 0 _01706
_9347862
_dSão Paulo-SP Editora Três Ltda - E-mail: luizfsa@revistadinheiro.com.br 2004
_o2025-0363
_tDinheiro Rural (Brazil)
_x1807-3700
_gv. 4(32) p. 46-47; (Jun 2007)
_wBR2025000885
942 _cANA
999 _c331298
_d331298